Wind power in view (Record no. 103875)

MARC details
000 -LEADER
fixed length control field 01015cam a2200289 4500
008 - FIXED-LENGTH DATA ELEMENTS--GENERAL INFORMATION
fixed length control field 041125n2002 000 0 eng u
020 ## - INTERNATIONAL STANDARD BOOK NUMBER
International Standard Book Number 0125463340
035 ## - SYSTEM CONTROL NUMBER
System control number (Sirsi) u128145
041 ## - LANGUAGE CODE
Language code of text/sound track or separate title eng.
050 ## - LIBRARY OF CONGRESS CALL NUMBER
Classification number 621.45
-- 18
245 ## - TITLE STATEMENT
Title Wind power in view
Remainder of title Energy landscapes in a crowded world
260 ## - PUBLICATION, DISTRIBUTION, ETC.
Place of publication, distribution, etc. London
Name of publisher, distributor, etc. Academic Press
Date of publication, distribution, etc. 2002
300 ## - PHYSICAL DESCRIPTION
Extent x, 234p.
Other physical details ill.
Dimensions 24cm.
350 ## - PRICE (NR) (BK AM CF MU VM SE) [OBSOLETE]
Price 39.99
490 ## - SERIES STATEMENT
Series statement Academic Press Sustainable World Series
520 ## - SUMMARY, ETC.
Summary, etc. Examines the impact of wind turbines on the landscape and what can be done about them. Contains discussion of the aesthetics of wind energy from the perspective of architects, geographers, historians, engineers and landscape designers.
650 ## - SUBJECT ADDED ENTRY--TOPICAL TERM
Topical term or geographic name entry element WIND POWER
650 ## - SUBJECT ADDED ENTRY--TOPICAL TERM
Topical term or geographic name entry element WIND TURBINES
650 ## - SUBJECT ADDED ENTRY--TOPICAL TERM
Topical term or geographic name entry element ELECTRICITY
650 ## - SUBJECT ADDED ENTRY--TOPICAL TERM
Topical term or geographic name entry element WIND FARMS
650 ## - SUBJECT ADDED ENTRY--TOPICAL TERM
Topical term or geographic name entry element RENEWABLE ENERGY
690 ## - LOCAL SUBJECT ADDED ENTRY--TOPICAL TERM (OCLC, RLIN)
Topical term or geographic name as entry element ENVIRONMENTAL AND LAND CONSULTANCY-ENERGY
700 ## - ADDED ENTRY--PERSONAL NAME
Personal name Pasqualetti, M. J.
700 ## - ADDED ENTRY--PERSONAL NAME
Personal name Gipe, P.
700 ## - ADDED ENTRY--PERSONAL NAME
Personal name Righter, R. W.
942 ## - ADDED ENTRY ELEMENTS (KOHA)
Suppress in OPAC 0
Holdings
Withdrawn status Lost status Source of classification or shelving scheme Damaged status Not for loan Home library Current library Shelving location Date acquired Cost, normal purchase price Total Checkouts Full call number Barcode Date last seen Date last checked out Copy number Cost, replacement price Price effective from Koha item type
    Dewey Decimal Classification     London London Books 06/12/2004 39.99 2 621.45 PAS 30069737 06/08/2019 05/02/2007 1 39.99 06/08/2019 Book